• 首页
  • 本馆介绍
  • 公告通知
  • 最新文献
  • 馆藏检索
  • 电子资源
  • 读者导购
  • 参考咨询
  • 我的图书馆
  • 登录
  • 详细信息显示
  • 放入我的书架
  • 预约/预借图书
  • 作者相关作品
  • 分类相关作品
  • 丛书相关作品
  • 出版社相关作品

书目信息

  • 表格格式
  • 工作单格式
  • 卡片格式
题名:
灵感的法则
    
 
作者: 帕什 著 ;罗雅萱 译
分册:  
出版信息: 北京   电子工业出版社  2010
页数: 227页
开本: 23cm
丛书名:
单 册:
中图分类: K815.72
科图分类:
主题词: 艺术--设计--艺术家--访谈录--世界 , 艺术
电子资源:
ISBN: 978-7-121-11962-0
000 01339nam0 2200277 45
001 1138476188
005 20110419102607.34
010    @a978-7-121-11962-0@dCNY59.80
100    @a20110409d2010 em y0chiy0110 ea
101 1  @achi@ceng
102    @aCN@b110000
105    @aa z 000yy
106    @ar
200 1  @a灵感的法则@ALing Gan De Fa Ze@e40位国际著名设计师独家创意秘方@E40 Wei Guo Ji Zhu Ming She Ji Shi Du Jia Chuang Yi Mi Fang@f(美) 帕什著@F( Mei ) Pa Shi Zhu@g罗雅萱译
210    @a北京@c电子工业出版社@d2010
215    @a227页@c彩图@d23cm
306    @a本书简体中文版专有版权由HOW Design Books授予电子工业出版社
330    @a本书共访问了40位国际顶尖设计师,大胆分析他们的灵感创意来源。挑选受访者的标准很简单,一定是有影响力、有趣、有启发性的设计师。作者通过各种各样有趣的问题,除了获得幽默、辛辣、玩世不恭,甚至是有点狗屁不通的白痴答案外,还有设计师们毫不矫揉造作的率真个性,以及充满哲学思维的回应,对于爱好设计的你我而言,这是角度另类但又极具启发性的一本好书。
517 1  @a40位国际著名设计师独家创意秘方@A40 Wei Guo Ji Zhu Ming She Ji Shi Du Jia Chuang Yi Mi Fang
606 0  @a艺术@x设计@x艺术家@x访谈录@y世界
606 0  @a艺术
690    @aK815.72@v4
701  1 @a帕什@APa Shi@g(Pashkow, Matt)@4著
702  0 @a罗雅萱@ALuo Ya Xuan@4译
801  0 @aCN@bTANGWEI@c20110419
905    @b0536042-44@dK815.72@e121@f3
    
    灵感的法则:40位国际著名设计师独家创意秘方/(美) 帕什著/罗雅萱译.-北京:电子工业出版社,2010
    227页:彩图;23cm
    
    
    ISBN 978-7-121-11962-0:CNY59.80
    本书共访问了40位国际顶尖设计师,大胆分析他们的灵感创意来源。挑选受访者的标准很简单,一定是有影响力、有趣、有启发性的设计师。作者通过各种各样有趣的问题,除了获得幽默、辛辣、玩世不恭,甚至是有点狗屁不通的白痴答案外,还有设计师们毫不矫揉造作的率真个性,以及充满哲学思维的回应,对于爱好设计的你我而言,这是角度另类但又极具启发性的一本好书。
●
相关链接 在E读中查询图书 在五车中查询图书 在当当中查询图书 在豆瓣中查询图书


正题名:灵感的法则     索取号:K815.72/121         预约/预借

序号 登录号 条形码 馆藏地/架位号 状态 备注
1 0536042   205360429   第二样本阅览室/ [索取号:K815.72/121] 在馆    
2 0536043   205360438   第二借阅区/ [索取号:K815.72/121] 在馆    
3 0536044   205360447   第二借阅区/ [索取号:K815.72/121] 在馆    
唐山师范学院图书馆 欢迎您!
大连网信软件有限公司© 版权所有